000 00749cab a2200265 4500
001 WB3416-46
008 090401t1998 xxu||||| |||| 00| 0 eng d
035 _a(Sirsi) u85876
041 _aeng
245 _aMEPC bid for Chesterfield
260 _c1998
350 _a0
490 _aSunday Times
_v26 April 1998, 38
490 _aFinancial Times
_v28 April 1998, 26
490 _aDaily Telegraph
_v28 April 1998, 26(2)
520 _aMEPC has launched a bid to take over property group Chesterfield.
650 _aCHESTERFIELD
650 _aGE CAPITAL
650 _aMEPC
650 _aPROPERTY SHARES
650 _aTUCKEY JAMES
690 _aMANAGEMENT-BUSINESS MANAGEMENT-PROFESSIONAL PRACTICE
942 _n0
948 _c29/04/1998
999 _c54023
_d54023